|
|
|
|
| LEADER |
00000nab a2200000uu 4500 |
| 001 |
vtls011447698 |
| 003 |
SK-MaSNL |
| 005 |
20260303164858.0 |
| 008 |
230313|1966 xo |||||||||||||||||slo| |
| 015 |
|
|
|a SNBRB
|
| 035 |
|
|
|a (urnnbn)urn:nbn:sk:snk:ar-004pab
|
| 035 |
|
|
|a (uuid)30a8a1f8-93e7-4dd5-a9e9-e2e7daab11b7
|
| 035 |
|
|
|a urn:nbn:sk:snk-abckih
|
| 040 |
|
|
|a SNKBUCL
|b slo
|c SNKBUCL
|e AACR2
|
| 041 |
0 |
|
|a slo
|
| 044 |
|
|
|a xo
|c SK
|
| 100 |
1 |
|
|a Dvořáková-Žiaranová, Ružena,
|d 1930-2017
|4 aut
|9 223959
|
| 245 |
1 |
0 |
|a RUSTEM KUTUJ
|c Ružena Dvořáková-Žiaranová
|
| 773 |
0 |
|
|t Revue svetovej literatúry
|g Roč. 2, č. 4 (1966), s. 134
|
| 958 |
|
|
|a OND
|
| 958 |
|
|
|a EUIPO
|
| 958 |
|
|
|a article16
|
| 999 |
|
|
|c 2068413
|d 2070343
|